000 00485nam a2200193Ia 4500
005 20250603144658.0
008 250603s9999 xx 000 0 und d
020 _a9780534566395
050 _aP 90 .W66/
100 _aWood, Julia T.
245 0 _aCommunication theories in action : an introduction
250 _a3rd ed.
260 _aUnited Kingdom
260 _bWadsworth Cengage Learning
260 _c2020
300 _a374 p
650 _aUnited Kingdom
942 _cBK
999 _c39630
_d39630